Statistics for the quality control chemistry laboratory [book review]

Saved in:
Bibliographic Details
Main Author: Horníková, Adriana
Format: Book Chapter
Language:English
Subjects:
Tags: Add Tag
No Tags, Be the first to tag this record!

MARC

LEADER 00000naa$a2200000$$$4500
001 0070468
005 20240502083205.2
041 0 |a eng 
044 |a US 
245 1 0 |a Statistics for the quality control chemistry laboratory  |b [book review]  |c Adriana Horníková 
610 2 0 |a recenzie 
610 2 0 |a metrológia 
610 2 0 |a štatistika 
610 2 0 |a meranie 
100 1 |a Horníková, Adriana